000 00389nam a2200157Ia 4500
999 _c7048
_d7048
003 GBCCL
005 20241126110618.0
008 180706b ||||| |||| 00| 0 eng d
040 _cGBC
082 _a220.3
_bBEE
245 _aBeeton's Bible Dictionary
260 _c1870.
_aGlasgow:
_bPickering & Inglis,
300 _a252
650 _aBible - Dictionary
_vBible
_912481
942 _2ddc
_cREF